Теория ядерных реакторов: электронный курс

Opis bibliograficzny
1. autor: Семенов А. О. Андрей Олегович
Korporacja: Национальный исследовательский Томский политехнический университет (ТПУ) Физико-технический институт (ФТИ) Кафедра физико-энергетических установок (№ 21) (ФЭУ)
Streszczenie:Заглавие с экрана
В курс "Теория ядерных реакторов" рассмотрены основные закономерности взаимодействия нейтронов с ядрами в реакторе, традиционные разделы теории ядерных реакторов (в современной трактовке), процессы диффузии и замедления нейтронов, теория критических размеров, и т.д. Значительное место отведено конструктивным особенностям реакторов ВВЭР, РБМК и БР.
Доступ по логину и паролю
Język:rosyjski
Wydane: Томск, TPU Moodle, 2015
Hasła przedmiotowe:
Dostęp online:https://design.lms.tpu.ru/course/view.php?id=756
Format: Elektroniczne Książka
KOHA link:https://koha.lib.tpu.ru/cgi-bin/koha/opac-detail.pl?biblionumber=651776

MARC

LEADER 00000nlm0a2200000 4500
001 651776
005 20240130150239.0
035 |a (RuTPU)RU\TPU\network\17038 
035 |a RU\TPU\network\17036 
090 |a 651776 
100 |a 20161122d2015 m y0rusy50 ca 
101 0 |a rus 
102 |a RU 
105 |a a j 000zy 
135 |a jrcn ---uucaa 
181 0 |a i  
182 0 |a b 
200 1 |a Теория ядерных реакторов  |e электронный курс  |f А. О. Семенов  |g Национальный исследовательский Томский политехнический университет (ТПУ), Физико-технический институт (ФТИ), Кафедра физико-энергетических установок (№ 21) (ФЭУ) 
203 |a Текст  |c электронный 
210 |a Томск  |c TPU Moodle  |d 2015 
300 |a Заглавие с экрана 
330 |a В курс "Теория ядерных реакторов" рассмотрены основные закономерности взаимодействия нейтронов с ядрами в реакторе, традиционные разделы теории ядерных реакторов (в современной трактовке), процессы диффузии и замедления нейтронов, теория критических размеров, и т.д. Значительное место отведено конструктивным особенностям реакторов ВВЭР, РБМК и БР. 
333 |a Доступ по логину и паролю 
606 1 |a Ядерные реакторы  |2 stltpush  |3 (RuTPU)RU\TPU\subj\21616  |9 46573 
610 1 |a электронный ресурс 
610 1 |a труды учёных ТПУ 
610 1 |a электронное обучение 
610 1 |a электронные курсы ТПУ 
610 1 |a теория 
610 1 |a нейтроны 
610 1 |a ядра 
610 1 |a диффузии 
610 1 |a электронные учебные пособия 
610 1 |a учебные пособия 
675 |a 621.039.5(075.8)  |v 4 
700 1 |a Семенов  |b А. О.  |c физик  |c старший преподаватель Томского политехнического университета  |f 1984-  |g Андрей Олегович  |3 (RuTPU)RU\TPU\pers\26464  |9 12167 
712 0 2 |a Национальный исследовательский Томский политехнический университет (ТПУ)  |b Физико-технический институт (ФТИ)  |b Кафедра физико-энергетических установок (№ 21) (ФЭУ)  |3 (RuTPU)RU\TPU\col\18730 
801 2 |a RU  |b 63413507  |c 20220126  |g RCR 
856 4 |u https://design.lms.tpu.ru/course/view.php?id=756 
942 |c CF